<?xml version="1.0" encoding="UTF-8"?>
<record
    xmlns:xsi="http://www.w3.org/2001/XMLSchema-instance"
    xsi:schemaLocation="http://www.loc.gov/MARC21/slim http://www.loc.gov/standards/marcxml/schema/MARC21slim.xsd"
    xmlns="http://www.loc.gov/MARC21/slim">

  <leader>03598njm a2200577Ia 4500</leader>
  <controlfield tag="001">25599</controlfield>
  <controlfield tag="003">IT-RoPAU</controlfield>
  <controlfield tag="005">20220918181148.0</controlfield>
  <controlfield tag="008">131025s9999    xx            000 0 und d</controlfield>
  <datafield tag="040" ind1=" " ind2=" ">
    <subfield code="a">IT-RoPAU</subfield>
  </datafield>
  <datafield tag="040" ind1=" " ind2=" ">
    <subfield code="c">IT-RoPAU</subfield>
  </datafield>
  <datafield tag="041" ind1=" " ind2=" ">
    <subfield code="a">ITALIANO</subfield>
  </datafield>
  <datafield tag="999" ind1=" " ind2=" ">
    <subfield code="c">101849</subfield>
    <subfield code="d">101849</subfield>
  </datafield>
  <datafield tag="999" ind1=" " ind2=" ">
    <subfield code="b">n.d.</subfield>
  </datafield>
  <datafield tag="100" ind1=" " ind2=" ">
    <subfield code="a">AA.VV.</subfield>
    <subfield code="9">794</subfield>
  </datafield>
  <datafield tag="100" ind1=" " ind2=" ">
    <subfield code="e">Autore musica</subfield>
    <subfield code="9">12418</subfield>
  </datafield>
  <datafield tag="100" ind1=" " ind2=" ">
    <subfield code="g">Codice autore musica SPICS: 12000</subfield>
    <subfield code="9">796</subfield>
  </datafield>
  <datafield tag="245" ind1=" " ind2=" ">
    <subfield code="a">Mina ...per sempre</subfield>
  </datafield>
  <datafield tag="250" ind1=" " ind2=" ">
    <subfield code="a">1a ed.</subfield>
  </datafield>
  <datafield tag="260" ind1=" " ind2=" ">
    <subfield code="a">MILANO</subfield>
  </datafield>
  <datafield tag="260" ind1=" " ind2=" ">
    <subfield code="b">RECORD BAZAAR</subfield>
    <subfield code="c">1978 [1a Ed.:1978 - Ed. Lingua Orig.: 1960]</subfield>
  </datafield>
  <datafield tag="300" ind1=" " ind2=" ">
    <subfield code="a">DISCO</subfield>
  </datafield>
  <datafield tag="300" ind1=" " ind2=" ">
    <subfield code="c">3 minuti (Testo:  pag.)</subfield>
  </datafield>
  <datafield tag="500" ind1=" " ind2=" ">
    <subfield code="a">Canzone italiana. Musica leggera. Canzoni italiane interpretate da Mina</subfield>
  </datafield>
  <datafield tag="505" ind1=" " ind2=" ">
    <subfield code="a">Il cielo in una stanza (3:00) - T'ho vista piangere (3:00) - Piano (3:00) - Due note (3:00) - E' vero (3:00) - Amorevole (3:00) - Come sinfonia (3:00) - La fine del mondo (3:00) - Rapsodie (3:00) - Le tue mani (4:00) - La notte (3:00) - Confidenziale (3:00)</subfield>
  </datafield>
  <datafield tag="650" ind1=" " ind2=" ">
    <subfield code="a">CANZONE ITALIAN [DISCHI]</subfield>
    <subfield code="e">Codice MATERIA SPICS: 9950</subfield>
    <subfield code="9">12419</subfield>
  </datafield>
  <datafield tag="700" ind1=" " ind2=" ">
    <subfield code="a">Mina (Mazzini A.M.)</subfield>
    <subfield code="g">Codice interprete SPICS: 10792</subfield>
    <subfield code="e">Interprete</subfield>
    <subfield code="9">12420</subfield>
  </datafield>
  <datafield tag="700" ind1=" " ind2=" ">
    <subfield code="a">Paoli Gino</subfield>
    <subfield code="g">Codice autore musica SPICS: 11057</subfield>
    <subfield code="e">Autore musica</subfield>
    <subfield code="p">Il cielo in una stanza</subfield>
    <subfield code="9">12421</subfield>
  </datafield>
  <datafield tag="700" ind1=" " ind2=" ">
    <subfield code="a">Mogol (Rapetti Giulio)</subfield>
    <subfield code="g">Codice autore testo/musica SPICS: 13643</subfield>
    <subfield code="e">Autore testo/musica</subfield>
    <subfield code="p">Il cielo in una stanza</subfield>
    <subfield code="9">12422</subfield>
  </datafield>
  <datafield tag="700" ind1=" " ind2=" ">
    <subfield code="a">Poletto Enzo</subfield>
    <subfield code="g">Codice autore musica SPICS: 13595</subfield>
    <subfield code="e">Autore musica</subfield>
    <subfield code="p">T'ho vista piangere</subfield>
    <subfield code="9">12423</subfield>
  </datafield>
  <datafield tag="700" ind1=" " ind2=" ">
    <subfield code="a">Casadei Raoul</subfield>
    <subfield code="g">Codice autore testo/musica SPICS: 7936</subfield>
    <subfield code="e">Autore testo/musica</subfield>
    <subfield code="p">T'ho vista piangere</subfield>
    <subfield code="9">12424</subfield>
  </datafield>
  <datafield tag="700" ind1=" " ind2=" ">
    <subfield code="a">Calabrese Giorgio</subfield>
    <subfield code="g">Codice autore musica SPICS: 1368</subfield>
    <subfield code="e">Autore musica</subfield>
    <subfield code="p">Piano</subfield>
    <subfield code="9">12425</subfield>
  </datafield>
  <datafield tag="700" ind1=" " ind2=" ">
    <subfield code="a">De Vita Tony</subfield>
    <subfield code="g">Codice autore testo/musica SPICS: 15903</subfield>
    <subfield code="e">Autore musica</subfield>
    <subfield code="p">Piano</subfield>
    <subfield code="9">12426</subfield>
  </datafield>
  <datafield tag="700" ind1=" " ind2=" ">
    <subfield code="a">Amurri</subfield>
    <subfield code="g">Codice autore musica SPICS: 14150</subfield>
    <subfield code="e">Autore musica</subfield>
    <subfield code="p">Due note</subfield>
    <subfield code="9">12427</subfield>
  </datafield>
  <datafield tag="700" ind1=" " ind2=" ">
    <subfield code="a">Faele</subfield>
    <subfield code="g">Codice autore SPICS: 22716</subfield>
    <subfield code="e">Autore</subfield>
    <subfield code="p">Due note</subfield>
    <subfield code="9">12428</subfield>
  </datafield>
  <datafield tag="700" ind1=" " ind2=" ">
    <subfield code="a">Canfora Bruno</subfield>
    <subfield code="g">Codice autore testo/musica SPICS: 13676</subfield>
    <subfield code="e">Autore testo/musica</subfield>
    <subfield code="p">Due note</subfield>
    <subfield code="9">12429</subfield>
  </datafield>
  <datafield tag="700" ind1=" " ind2=" ">
    <subfield code="a">Bindi Umberto</subfield>
    <subfield code="g">Codice autore musica SPICS: 13681</subfield>
    <subfield code="e">Autore musica</subfield>
    <subfield code="p">E' vero</subfield>
    <subfield code="9">12430</subfield>
  </datafield>
  <datafield tag="700" ind1=" " ind2=" ">
    <subfield code="a">Nisa (Salerno Nicola)</subfield>
    <subfield code="g">Codice autore testo/musica SPICS: 13452</subfield>
    <subfield code="e">Autore testo/musica</subfield>
    <subfield code="p">E' vero</subfield>
    <subfield code="9">12431</subfield>
  </datafield>
  <datafield tag="700" ind1=" " ind2=" ">
    <subfield code="a">Massara Libero</subfield>
    <subfield code="g">Codice autore musica SPICS: 13678</subfield>
    <subfield code="e">Autore musica</subfield>
    <subfield code="p">Amorevole - Confidenziale</subfield>
    <subfield code="9">12432</subfield>
  </datafield>
  <datafield tag="700" ind1=" " ind2=" ">
    <subfield code="a">Buffoli V.</subfield>
    <subfield code="g">Codice autore SPICS: 15904</subfield>
    <subfield code="e">Autore</subfield>
    <subfield code="p">Amorevole</subfield>
    <subfield code="9">12433</subfield>
  </datafield>
  <datafield tag="700" ind1=" " ind2=" ">
    <subfield code="a">Pallavicini Vito</subfield>
    <subfield code="g">Codice autore testo/musica SPICS: 13656</subfield>
    <subfield code="e">Autore testo/musica</subfield>
    <subfield code="p">Amorevole - Confidenziale</subfield>
    <subfield code="9">12434</subfield>
  </datafield>
  <datafield tag="700" ind1=" " ind2=" ">
    <subfield code="a">Donaggio Pino</subfield>
    <subfield code="g">Codice autore testo/musica SPICS: 13658</subfield>
    <subfield code="e">Autore testo/musica</subfield>
    <subfield code="p">Come sinfonia</subfield>
    <subfield code="9">12435</subfield>
  </datafield>
  <datafield tag="700" ind1=" " ind2=" ">
    <subfield code="a">Polito</subfield>
    <subfield code="g">Codice autore musica SPICS: 13987</subfield>
    <subfield code="e">Autore musica</subfield>
    <subfield code="p">La fine del mondo</subfield>
    <subfield code="9">12436</subfield>
  </datafield>
  <datafield tag="700" ind1=" " ind2=" ">
    <subfield code="a">Fiorentini F.</subfield>
    <subfield code="g">Codice autore testo/musica SPICS: 15905</subfield>
    <subfield code="e">Autore testo/musica</subfield>
    <subfield code="p">La fine del mondo</subfield>
    <subfield code="9">12437</subfield>
  </datafield>
  <datafield tag="700" ind1=" " ind2=" ">
    <subfield code="a">Sharfenberger</subfield>
    <subfield code="g">Codice autore musica SPICS: 15906</subfield>
    <subfield code="e">Autore musica</subfield>
    <subfield code="p">Rapsodie</subfield>
    <subfield code="9">12438</subfield>
  </datafield>
  <datafield tag="700" ind1=" " ind2=" ">
    <subfield code="a">Testa Michele (=Gill Armando)</subfield>
    <subfield code="g">Codice autore testo/musica SPICS: 13131</subfield>
    <subfield code="e">Autore testo/musica</subfield>
    <subfield code="p">Rapsodie</subfield>
    <subfield code="9">12439</subfield>
  </datafield>
  <datafield tag="700" ind1=" " ind2=" ">
    <subfield code="a">Mantano</subfield>
    <subfield code="g">Codice autore musica SPICS: 15908</subfield>
    <subfield code="e">Autore musica</subfield>
    <subfield code="p">Le tue mani</subfield>
    <subfield code="9">12440</subfield>
  </datafield>
  <datafield tag="700" ind1=" " ind2=" ">
    <subfield code="a">Spotti</subfield>
    <subfield code="g">Codice autore testo/musica SPICS: 15907</subfield>
    <subfield code="e">Autore testo/musica</subfield>
    <subfield code="p">Le tue mani</subfield>
    <subfield code="9">12441</subfield>
  </datafield>
  <datafield tag="700" ind1=" " ind2=" ">
    <subfield code="a">Franchi Franco</subfield>
    <subfield code="g">Codice autore musica SPICS: 13689</subfield>
    <subfield code="e">Autore musica</subfield>
    <subfield code="p">La notte</subfield>
    <subfield code="9">12442</subfield>
  </datafield>
  <datafield tag="700" ind1=" " ind2=" ">
    <subfield code="a">Reverberi Gianpiero</subfield>
    <subfield code="g">Codice autore testo/musica SPICS: 8146</subfield>
    <subfield code="e">Autore testo/musica</subfield>
    <subfield code="p">La notte</subfield>
    <subfield code="9">12443</subfield>
  </datafield>
  <datafield tag="942" ind1=" " ind2=" ">
    <subfield code="c">MD</subfield>
    <subfield code="2">ddc</subfield>
  </datafield>
  <datafield tag="952" ind1=" " ind2=" ">
    <subfield code="0">0</subfield>
    <subfield code="1">0</subfield>
    <subfield code="4">0</subfield>
    <subfield code="6">25599_000000000000000</subfield>
    <subfield code="7">1</subfield>
    <subfield code="a">SPICS</subfield>
    <subfield code="b">SPICS</subfield>
    <subfield code="d">2013-10-25</subfield>
    <subfield code="l">0</subfield>
    <subfield code="o">25599</subfield>
    <subfield code="r">2013-10-25 00:00:00</subfield>
    <subfield code="w">2013-10-25</subfield>
    <subfield code="y">MD</subfield>
    <subfield code="z">Progr. Ins.: 11720 / N.Vol.: n.d. / Copie: 1 - Copia rara: n.d. / date import: 01.01.2014 - By Epidotti, Trombetti, Vaglietti</subfield>
  </datafield>
</record>
